[Event "London Weekend op 12"]
[Site "London"]
[Date "2016.12.11"]
[Round "5"]
[White "Bahra, Pardeep S"]
[Black "De Coverly, Roger D"]
[Result "1-0"]
[WhiteElo "1837"]
[BlackElo "2028"]
[PlyCount "73"]
[EventDate "2016.12.09"]
[EventType "swiss"]
[EventRounds "5"]
[EventCountry "ENG"]
[SourceTitle "CBM 176 Extra"]
[Source "ChessBase"]
[SourceDate "2017.03.02"]
[SourceVersion "1"]
[SourceVersionDate "2017.03.02"]
[SourceQuality "1"]

1. d4 Nf6 2. c4 g6 3. Nf3 Bg7 4. h3 0-0 5. Nc3 d6 6. Bf4 c5 7. e3 b6 8. Be2 Bb7 9. 0-0 Nbd7 10. Qb3 Rb8 11. Rfd1 Ne4 12. Rac1 Nxc3 13. Qxc3 Qc7 14. Qd2 Nf6 15. Qe1 Rfe8 16. Bh2 Rbc8 17. Rb1 cxd4 18. Nxd4 Be4 19. Rbc1 a6 20. b4 Qa7 21. Qf1 Bb7 22. Rc3 d5 23. Ra3 e5 24. Nf3 Ne4 25. cxd5 Nc3 26. d6 Red8 27. Rd2 Nxe2+ 28. Qxe2 Rc1+ 29. Rd1 Bxf3 30. Qxf3 Rxd1+ 31. Qxd1 h6 32. Qd5 Qd7 33. Bxe5 Qf5 34. f4 Qb1+ 35. Kh2 Qxb4 36. Rxa6 Bf8 37. Ra7 1-0

[Event "London Weekend op 12"]
[Site "London"]
[Date "2016.12.09"]
[Round "1"]
[White "Cannon, Richard James"]
[Black "Bahra, Pardeep S"]
[Result "0-1"]
[WhiteElo "2038"]
[BlackElo "1837"]
[PlyCount "56"]
[EventDate "2016.12.09"]
[EventType "swiss"]
[EventRounds "5"]
[EventCountry "ENG"]
[SourceTitle "CBM 176 Extra"]
[Source "ChessBase"]
[SourceDate "2017.03.02"]
[SourceVersion "1"]
[SourceVersionDate "2017.03.02"]
[SourceQuality "1"]

1. e4 c5 2. Nf3 d6 3. Nc3 Nf6 4. e5 dxe5 5. Nxe5 Nbd7 6. Nc4 g6 7. Qe2 Nb6 8. Ne5 Bg7 9. Qe3 Qd4 10. Qxd4 cxd4 11. Nb5 Nfd5 12. Nc4 0-0 13. Nxb6 Nxb6 14. d3 Bd7 15. Na3 Bc6 16. f4 e5 17. fxe5 Rfe8 18. Nc4 Nxc4 19. dxc4 Rxe5+ 20. Kf2 Rf5+ 21. Ke1 Re8+ 22. Kd1 Rf2 23. Rg1 Be5 24. h3 Bh2 25. Rh1 Be4 26. Bd2 Bf4 27. Be2 Bxc2+ 28. Kxc2 Rexe2 0-1